000 00853nam a22002657a 4500
001 BR6600373
003 BR-BrBNA
005 20230928083441.0
007 ta
008 230509b bl.||||| |||| 00| 0 por d
040 _aBR-BrBNA
_bpor
_cBiblioteca Nacional de Agricultura
041 _a(Por)
072 _aA50
_b/G514
090 _ A50 BR6600373
100 1 _aPotolowsky, C.Q.
110 1 _aInstituto de Pesquisa Agropecuaria do Sul, Pelotas, RS (Brasil)
_96097
245 1 _aRelatorio da pesquisa do amendoim no Rio Grande do Sul, periodo 1966-1967 [Arachis hypogaea, Brasil]
260 3 _aPelotas, RS (Brasil):
_c1966.
300 _a75 p.
500 _a12 illus. (*) Documento disponível na(o) EMBRAPA, Brasilia, DF (Brazil)
650 _aPESQUISA AGRICOLA
650 _aAMENDOIM
909 _a202309
_bLucia
_c55
_dLucia Elande
942 _cBK
999 _c13543
_d13543